Peligro de extinción : (Record no. 69004)

MARC details
000 -LEADER
campo de control de longitud fija 00620nmm a2200193Ia 4500
008 - DATOS DE LONGITUD FIJA--INFORMACIÓN GENERAL
campo de control de longitud fija 251105s9999||||xx |||||||||||||||||und||
020 ## - NÚMERO INTERNACIONAL ESTÁNDAR DEL LIBRO
Número Internacional Estándar del Libro 9788415120865
041 ## - CÓDIGO DE IDIOMA
Código de lengua del texto/banda sonora o título independiente spa
100 ## - ENTRADA PRINCIPAL--NOMBRE DE PERSONA
Nombre de persona Moore, Jeffrey
245 #0 - MENCIÓN DEL TÍTULO
Título Peligro de extinción :
Resto del título Un magnífico thriller lleno de personajes inolvidables y giros inesperados.
264 ## - PRODUCCIÓN, PUBLICACIÓN, DISTRIBUCIÓN, FABRICACIÓN Y COPYRIGHT
Producción, publicación, distribución, fabricación y copyright [Madrid, España] :
Nombre del de productor, editor, distribuidor, fabricante Maeva Ediciones,
Fecha de producción, publicación, distribución, fabricación o copyright 2012
300 ## - DESCRIPCIÓN FÍSICA
Extensión 0 páginas
490 ## - MENCIÓN DE SERIE
Mención de serie Éxitos literarios
650 ## - PUNTO DE ACCESO ADICIONAL DE MATERIA--TÉRMINO DE MATERIA
Término de materia o nombre geográfico como elemento de entrada Thriller & Suspense
700 ## - ENTRADA AGREGADA--NOMBRE PERSONAL
Nombre de persona Moore, Jeffrey
700 1# - ENTRADA AGREGADA--NOMBRE PERSONAL
Nombre de persona Abella Villar, Álvaro
856 ## - LOCALIZACIÓN Y ACCESO ELECTRÓNICOS
Identificador Uniforme de Recursos <a href="https://public.digitaliapublishing.com/a/31566">https://public.digitaliapublishing.com/a/31566</a>
942 ## - ELEMENTOS DE ENTRADA SECUNDARIOS (KOHA)
Tipo de ítem Koha Libro Digital

No items available.

Powered by Koha